Miejscowości nad Bałtykiem (Polska) - Statystyki

Ogólne statystyki
  • Ten quiz został rozwiązany 338 razy
  • Średni wynik to 23 z 51
Statystyki odpowiedzi
Województwo Miejscowość % Poprawnych
Pomorskie Gdańsk
94%
Pomorskie Gdynia
94%
Pomorskie Sopot
92%
Pomorskie Hel
88%
Zachodniopomorskie Kołobrzeg
88%
Zachodniopomorskie Świnoujście
83%
Pomorskie Władysławowo
79%
Pomorskie Ustka
74%
Pomorskie Łeba
73%
Pomorskie Jastarnia
72%
Zachodniopomorskie Mielno
68%
Zachodniopomorskie Międzyzdroje
67%
Zachodniopomorskie Darłowo
58%
Pomorskie Rewa
58%
Pomorskie Krynica Morska
56%
Pomorskie Jastrzębia Góra
52%
Pomorskie Puck
50%
Zachodniopomorskie Rewal
48%
Pomorskie Chałupy
47%
Zachodniopomorskie Dziwnów
46%
Zachodniopomorskie Ustronie Morskie
43%
Pomorskie Jurata
42%
Zachodniopomorskie Dąbki
40%
Zachodniopomorskie Jarosławiec
40%
Pomorskie Rowy
40%
Zachodniopomorskie Sarbinowo
40%
Zachodniopomorskie Pobierowo
38%
Zachodniopomorskie Dźwirzyno
36%
Pomorskie Karwia
36%
Zachodniopomorskie Międzywodzie
36%
Zachodniopomorskie Mrzeżyno
36%
Zachodniopomorskie Niechorze
36%
Zachodniopomorskie Dziwnówek
35%
Zachodniopomorskie Trzęsacz
35%
Zachodniopomorskie Gąski
32%
Pomorskie Dębki
30%
Zachodniopomorskie Grzybowo
30%
Zachodniopomorskie Chłopy
28%
Zachodniopomorskie Łazy
28%
Zachodniopomorskie Pogorzelica
26%
Pomorskie Kuźnica
24%
Zachodniopomorskie Unieście
24%
Pomorskie Chłapowo
23%
Pomorskie Kąty Rybackie
23%
Zachodniopomorskie Pustkowo
23%
Pomorskie Rozewie
22%
Zachodniopomorskie Łukęcin
20%
Zachodniopomorskie Mielenko
20%
Zachodniopomorskie Rogowo
20%
Pomorskie Nowa Karczma
11%
Pomorskie Osetnik
10%
Nie znaleziono quizów pasujących do podanych kryteriów
Rozkład punktacji
Procent ludzi z każdym wynikiem
Percentyl według liczby udzielonych odpowiedzi
Twoja historia wyników
Nie rozwiązałeś tego quizu